Aircraft Accident Analysis Final Reports (Record no. 187523)

MARC details
000 -LEADER
fixed length control field 00549nam a2200205Ia 4500
008 - FIXED-LENGTH DATA ELEMENTS--GENERAL INFORMATION
fixed length control field 240823s9999||||xx |||||||||||||| ||und||
020 ## - INTERNATIONAL STANDARD BOOK NUMBER
International Standard Book Number 978-0071-351-492
082 ## - DEWEY DECIMAL CLASSIFICATION NUMBER
-- 629.36312 P0
100 ## - MAIN ENTRY--PERSONAL NAME
Personal name James M Walters
245 #0 - TITLE STATEMENT
Title Aircraft Accident Analysis Final Reports
250 ## - EDITION STATEMENT
Edition statement 1st
260 ## - PUBLICATION, DISTRIBUTION, ETC. (IMPRINT)
Date of publication, distribution, etc 2000
Name of publisher, distributor, etc McGraw - Hill Higher Educ
Place of publication, distribution, etc New York
500 ## - GENERAL NOTE
General note TRANSFERED
650 ## - SUBJECT ADDED ENTRY--TOPICAL TERM
Topical term or geographic name as entry element Aircraft Accident
700 ## - ADDED ENTRY--PERSONAL NAME
Personal name Robert L Sumwalt
942 ## - ADDED ENTRY ELEMENTS (KOHA)
Item type Books
Holdings
Withdrawn status Lost status Damaged status Permanent location Current location Shelving location Date acquired Source of acquisition Cost, normal purchase price Full call number Barcode Date last seen Koha item type
      CENTRAL LIBRARY, NOORUL ISLAM CENTRE FOR HIGHER EDUCATION CENTRAL LIBRARY, NOORUL ISLAM CENTRE FOR HIGHER EDUCATION   03/17/2011 "Sudarsan Books, Nagercoil" 2041.00 629.36312 P0 40034 08/23/2024 Books
Visitors:
Copyright © 2024 Central Library NICHE.  All rights reserved.